Statistics for Euroleague Champions

Click here to take the quiz!

General Stats

  • This quiz has been taken 204 times
    (162 since last reset)
  • The average score is 39 of 61

Answer Stats

YearCountryChampion% Correct
1964SpainReal Madrid
84%
1965SpainReal Madrid
81%
2014IsraelMaccabi Electra Tel Aviv
80%
2015SpainReal Madrid
80%
2016RussiaCSKA Moscow
79%
2004IsraelMaccabi Elite Tel Aviv
79%
2005IsraelMaccabi Elite Tel Aviv
79%
2008RussiaCSKA Moscow
78%
1961Soviet Union (Russia)CSKA Moscow
78%
2006RussiaCSKA Moscow
78%
2013GreeceOlympiacos
78%
2012GreeceOlympiacos
78%
2010SpainRegal FC Barcelona
78%
1963Soviet Union (Russia)CSKA Moscow
77%
2003SpainFC Barcelona
77%
1992Yugoslavia (Serbia)Partizan
76%
2001IsraelMaccabi Elite Tel Aviv
75%
2009GreecePanathinaikos
75%
1969Soviet Union (Russia)CSKA Moscow
74%
1997GreeceOlympiacos
74%
2011GreecePanathinaikos
74%
2002GreecePanathinaikos
74%
2007GreecePanathinaikos
74%
1974SpainReal Madrid
74%
1967SpainReal Madrid
74%
1968SpainReal Madrid
74%
1971Soviet Union (Russia)CSKA Moscow
73%
1981IsraelMaccabi Elite Tel Aviv
73%
1996GreecePanathinaikos
73%
1980SpainReal Madrid
73%
1977IsraelMaccabi Elite Tel Aviv
72%
1978SpainReal Madrid
72%
1999LithuaniaŽalgiris
72%
2000GreecePanathinaikos
71%
2017TurkeyFenerbahçe
70%
1958Soviet Union (Latvia)ASK Riga
66%
1959Soviet Union (Latvia)ASK Riga
66%
1960Soviet Union (Latvia)ASK Riga
66%
1995SpainReal Madrid
66%
1990Yugoslavia (Croatia)Jugoplastika
61%
1989Yugoslavia (Croatia)Jugoplastika
60%
2001ItalyKinder Bologna
60%
1991Yugoslavia (Croatia)Pop 84
60%
1998ItalyKinder Bologna
57%
1966ItalySimmenthal Milano
54%
1993FranceLimoges
51%
1986Yugoslavia (Croatia)Cibona
49%
1985Yugoslavia (Croatia)Cibona
49%
1962Soviet Union (Georgia)Dinamo Tbilisi
47%
1987ItalyTracer Milano
47%
1988ItalyTracer Milano
46%
1979Yugoslavia (Bosnia and Herzegovina)Bosna
43%
1975ItalyIgnis Varese
40%
1972ItalyIgnis Varese
40%
1973ItalyIgnis Varese
39%
1976ItalyMobilgirgi Varese
39%
1994Spain7up Joventut
37%
1970ItalyIgnis Varese
37%
1982ItalySquibb Cantù
31%
1983ItalyFord Cantù
30%
1984ItalyBanco di Roma Virtus
29%

Score Distribution

Percentile by Number Answered

Percent of People with Each Score

Your Score History

You have not taken this quiz since the last reset